Management and production

Uložené v:
Podrobná bibliografia
Médium: Kniha
Jazyk:English
Vydavateľské údaje: Harmondsworth Penguin Books 1980
Vydanie:2. ed.
Tagy: Pridať tag
Žiadne tagy, Buďte prvý, kto otaguje tento záznam!

MARC

LEADER 00000nam a2200000 4500
001 c125196
005 20221220102134.1
041 0 |a eng 
044 |a GB 
245 1 0 |a Management and production 
250 |a 2. ed. 
264 1 |a Harmondsworth  |b Penguin Books  |c 1980 
300 |a 249 s.